Manchester United Scorers in 2010s Champions League - Statistics

General Stats
  • This quiz has been taken 628 times
  • The average score is 22 of 31
Answer Stats
Player Nation Gls % Correct
Wayne Rooney England 15
100%
Javier Hernández Mexico 7
96%
Robin van Persie Netherlands 7
96%
Antonio Valencia Ecuador 5
95%
Romelu Lukaku Belgium 7
93%
Ryan Giggs Wales 3
92%
Dimitar Berbatov Bulgaria 1
90%
Park Ji-sung South Korea 2
90%
Marcus Rashford England 5
88%
Nani Portugal 4
88%
Anthony Martial France 4
87%
Nemanja Vidić Serbia 1
83%
Paul Scholes England 3
82%
Paul Pogba France 2
80%
Marouane Fellaini Belgium 2
79%
Juan Mata Spain 2
78%
Darren Fletcher Scotland 3
76%
Jonny Evans Northern Ireland 2
75%
Patrice Evra France 1
74%
Henrikh Mkhitaryan Armenia 1
73%
Michael Carrick England 2
71%
Phil Jones England 2
63%
Chris Smalling England 2
58%
Daley Blind Netherlands 1
58%
Anderson Brazil 3
57%
Memphis Depay Netherlands 1
55%
Ashley Young England 1
54%
Danny Welbeck England 4
54%
Michael Owen England 4
26%
Darron Gibson Ireland 2
23%
Gabriel Obertan France 1
12%
No matching quizzes found
Score Distribution
Percent of People with Each Score
Percentile by Number Answered
Your Score History
You have not taken this quiz